Niektoré problémy nerovnováhy slovenskej ekonomiky a jej súvislosti s transformáciou systému

Súvislosti medzi ekonomickou nerovnováhou a zmenou hospodárskeho systému. Prechod k trhovým cenám a s tým spojená súčasná situácia slovenskej ekonomiky. Základné informácie o hospodárení v trhovej ekonomike - nákladová rentabilita a miera zisku. Analýza závislosti výrobných odvetví od cudzích zdrojo...

Ausführliche Beschreibung

Gespeichert in:
Bibliographische Detailangaben
1. Verfasser: Prachár, Ivan
Format: Buchkapitel
Sprache:Slowakisch
Schlagworte:
Tags: Tag hinzufügen
Keine Tags, Fügen Sie das erste Tag hinzu!

MARC

LEADER 00000naa a2200000 4500
001 r025532
005 20230921122317.8
041 0 |a slo 
044 |a SK 
245 1 0 |a Niektoré problémy nerovnováhy slovenskej ekonomiky a jej súvislosti s transformáciou systému  |c Ivan Prachár 
520 |a Súvislosti medzi ekonomickou nerovnováhou a zmenou hospodárskeho systému. Prechod k trhovým cenám a s tým spojená súčasná situácia slovenskej ekonomiky. Základné informácie o hospodárení v trhovej ekonomike - nákladová rentabilita a miera zisku. Analýza závislosti výrobných odvetví od cudzích zdrojov. Produktivita slovenskej ekonomiky. 
610 2 0 |a nerovnováha hospodárska 
610 2 0 |a Slovensko 
610 2 0 |a hospodárstvo národné 
610 2 0 |a transformácia 
610 2 0 |a ceny trhové 
610 2 0 |a rentabilita 
610 2 0 |a náklady 
610 2 0 |a miera zisku 
610 2 0 |a odvetvia výrobné 
610 2 0 |a produktivita 
100 1 |a Prachár, Ivan